00394 2200157 4500245004600000020002200046100001800068700001500086650002100101005001900122260003300141041001400174084001400188300002500202336000900227 aBumiku Semakin PanascArfirah UtamihText a978-602-8808-11-8 aArfirah Utami aTim Editor aPemanasan Global a20230306073416 aBandungbWacana Gelora Cipta aIndonesia a363.73874 aii, 68 hlm. :cilus. atext